000 01323nam0a22003131 4500
001 rc\1686706
005 20260406130536.0
035 _a(NLR Aleph) 005285352
090 _a6138599
_c6138599
100 _a20061002d1896 |||y0rusy50 ca
101 0 _arus
102 _aRU
105 _ay z |||||
200 1 _aНе безнравственное ли впечатление производит "Власть тьмы" графа Толстого на "серую публику"?
210 _aСанкт-Петербург
_cтипо-лит. И. Рапопорта
_d1896
215 _a16 с.
_d23
300 _aПеред загл. сост.: В. Л-тин
500 1 0 _6z01702
_aВласть тьмы
_2nlr_sh2
532 1 3 _aНе безнравственное ли впечатление производит Власть тьмы" графа Толстого на "серую публику"?
702 1 _4570
_7ca
_8rus
_aТолстой
_bЛ. Н.
_f1828-1910
_gЛев Николаевич
_9111537
_3RU\NLR\AUTH\771515
702 1 _aЛ-тин
_bВ.
_4220
801 0 _aRU
_bNLR
_c20061002
_gpsbo
801 0 _aRU
_bRuMoRGB
_c20061002
_2psbo
801 1 _aRU
_bProSoft-M
_c20061002
_2rusmarc
801 2 _aRU
_bNLR
_c20131004
_2rusmarc
852 _aNLR
_j37.63.1.30
852 _aNLR
_j20.95.4.195
942 _cBOOK
980 _aNB